000 01456cam a2200397 a 4500
999 _c532752
_d532752
001 16157719
003 NUST
005 20191202103927.0
008 100329s2011 enkabf b 001 0 eng
010 _a 2010010596
020 _a9781405196710 (cloth)
020 _a1405196718 (cloth)
035 _a(OCoLC)ocn588998932
038 _aM.Ramzan
040 _aDLC
_cDLC
_dYDX
_dBWK
_dYDXCP
_dCDX
_dAGL
_dDLC
042 _apcc
050 0 0 _aTD353
_b.M543 2011
070 0 _aTD353
_b.M543 2011
082 0 0 _a553.7
_222
_bFUN
245 0 0 _aModelling the impact of climate change on water resources /
_cedited by Fai Fung, Ana Lopez, Mark New.
260 _aChichester, West Sussex, UK ;
_aHoboken, NJ :
_bWiley-Blackwell,
_c2011.
300 _a187 p., [16] p. of plates :
_bill. (some col.), maps (some col.) ;
_c26 cm.
504 _aIncludes bibliographical references and index.
650 0 _aWater-supply
_xForecasting.
_92349
650 0 _aClimatic changes
_xForecasting.
_92350
650 0 _aClimatic changes
_xSimulation methods.
_92351
650 0 _aWatershed management.
_92352
650 0 _aDroughts
_xRisk assessment.
_92353
650 0 _aLong-range weather forecasting.
_92354
700 1 _aFung, Fai.
_92355
700 1 _aLopez, Ana.
_92356
700 1 _aNew, Mark.
_92357
906 _a7
_bcbc
_corignew
_d1
_eecip
_f20
_gy-gencatlg
942 _2ddc
_cBK